000 00318nam a22001337a 4500
008 170526b xxu||||| |||| 00| 0 eng d
020 _a9783540606659
041 _ager
080 _a007.52
100 _a25
101 _aIM
245 _aROBOTIK: PROGRAMMIERUNG INTELLIGENTER ROBOTER
_cSIEGERT,H.J
942 _2udc
_cBK
999 _c14351
_d14351